• 首页
  • 本馆介绍
  • 公告通知
  • 最新文献
  • 馆藏检索
  • 电子资源
  • 读者导购
  • 参考咨询
  • 我的图书馆
  • 登录
  • 详细信息显示
  • 放入我的书架
  • 预约/预借图书
  • 作者相关作品
  • 分类相关作品
  • 丛书相关作品
  • 出版社相关作品

书目信息

  • 表格格式
  • 工作单格式
  • 卡片格式
题名:
李嘉诚如是说
    
 
作者: 李玉舒 著
分册:  
出版信息: 北京   中国经济出版社  2010
页数: 249页
开本: 24cm
丛书名:
单 册:
中图分类: F279.276.58 , K825.38=76
科图分类:
主题词: 企业管理--经验--香港特别行政区
电子资源:
ISBN: 978-7-5017-8618-3
000 01119nam0 2200265 45
001 1032999125
005 20100408161154.56
010    @a978-7-5017-8618-3@dCNY39.80
100    @a20100331d2010 em y0chiy50 ea
101 0  @achi
102    @aCN@b110000
105    @ay z 000yy
106    @ar
200 1  @a李嘉诚如是说@ALi Jia Cheng Ru Shi Shuo@e中国教父级企业家的商道智慧与管理真经@EZhong Guo Jiao Fu Ji Qi Ye Jia De Shang Dao Zhi Hui Yu Guan Li Zhen Jing@f李玉舒著@FLi Yu Shu Zhu
210    @a北京@c中国经济出版社@d2010
215    @a249页@d24cm
330    @a本书介绍了李嘉诚的商道智慧与管理真经。内容包括:在稳健与进取中取得平衡——李嘉诚论经营理念、低潮时做重大投资——李嘉诚论投资思想、管理的艺术——李嘉诚论管理与创新等。
517 1  @a中国教父级企业家的商道智慧与管理真经@AZhong Guo Jiao Fu Ji Qi Ye Jia De Shang Dao Zhi Hui Yu Guan Li Zhen Jing
600  0 @a李嘉诚@f(1928- )@x生平事迹
606 0  @a企业管理@x经验@y香港特别行政区
690    @aF279.276.58@v4
690    @aK825.38=76@v4
701  0 @a李玉舒@ALi Yu Shu@4著
801  0 @aCN@bTANGWEI@c20100408
905    @b0587310-14@dF279.276.58@e839@f5
    
    李嘉诚如是说:中国教父级企业家的商道智慧与管理真经/李玉舒著.-北京:中国经济出版社,2010
    249页;24cm
    
    
    ISBN 978-7-5017-8618-3:CNY39.80
    本书介绍了李嘉诚的商道智慧与管理真经。内容包括:在稳健与进取中取得平衡——李嘉诚论经营理念、低潮时做重大投资——李嘉诚论投资思想、管理的艺术——李嘉诚论管理与创新等。
●
相关链接 在E读中查询图书 在五车中查询图书 在当当中查询图书 在豆瓣中查询图书


正题名:李嘉诚如是说     索取号:F279.276.58/839         预约/预借

序号 登录号 条形码 馆藏地/架位号 状态 备注
1 0587310   205873107   第一样本阅览室/ [索取号:F279.276.58/839] 在馆    
2 0587311   205873116   第一借阅区/ [索取号:F279.276.58/839] 在馆    
3 0587312   205873125   第一借阅区/ [索取号:F279.276.58/839] 在馆    
4 0587313   205873134   第一借阅区/ [索取号:F279.276.58/839] 在馆    
5 0587314   205873143   第一借阅区/ [索取号:F279.276.58/839] 在馆    
唐山师范学院图书馆 欢迎您!
大连网信软件有限公司© 版权所有